000 00421cam a2200121 4500
050 0 0 _aRA 776
_b.S5 1970
100 1 _aShryock, Harold.
245 1 0 _aYou and your health
_c[by] Harold Shryock and Hubert O. Swartout, in collaboration with 38 leading medical specialists.
260 _aMountain View, Calif.,
_bPacific Press Pub. Association
_c[1970]
300 _a3 v.
700 1 _aSwartout, Hubert Oscar,
942 _2lcc
_cGEN
999 _c14110
_d14110